[Event "American Continental-ch 2018"]
[Site "Montevideo"]
[Date "2018.06.10"]
[Round "11"]
[White "Cori, Jorge"]
[Black "Hungaski, Robert"]
[Result "1/2-1/2"]
[WhiteElo "2659"]
[BlackElo "2510"]
[Annotator "TA"]
[PlyCount "65"]
[EventDate "2018.??.??"]
[EventType "swiss"]
[EventCountry "URU"]
[SourceTitle "playchess.com"]
[Source "ChessBase"]
[SourceQuality "1"]

{[%evp 23,65,0,0,0,0,0,0,-3,-4,-8,0,0,0,0,0,0,0,0,0,0,0,0,0,0,0,0,0,-8,-6,-6,-6,-8,-7,-20,0,0,0,-24,0,0,0,0,0,0]} 1. d4 d5 2. c4 dxc4 3. e3 e5 4. Bxc4 exd4 5. exd4 Bd6 6. Nf3 Nf6 7. O-O O-O 8. Nc3 Nc6 9. h3 h6 10. a3 Bf5 11. Re1 a6 {D20: Queen's Gambit Accepted: 3 e3 and 3 e4} 12. Be3 Qd7 {LiveBook: 7 Games} 13. d5 Ne5 14. Bf1 Nxf3+ 15. Qxf3 Rfe8 16. Bd4 Rxe1 17. Rxe1 Re8 {[#]} 18. Rxe8+ $146 ({Predecessor:} 18. Re3 Rxe3 19. fxe3 Bg6 20. Bxf6 gxf6 21. Qxf6 Qe8 22. Qd4 Qe7 23. Nd1 {½-½ (23) Timman,J (2635)-Morozevich,A (2575) Moscow 1994}) 18... Nxe8 19. g4 Bg6 20. Bd3 Bxd3 21. Qxd3 Bf8 22. Kg2 b5 23. b4 Nd6 24. Bc5 Nc4 25. Ne4 Bd6 26. Nxd6 cxd6 27. Be3 Qe7 28. Bd4 Qg5 29. Qe4 Qg6 30. Qf3 Qc2 31. h4 {The position is equal.} f6 32. h5 Kf7 33. Kh2 {Precision: White = 85%, Black = 63%.} 1/2-1/2

[Event "American Continental-ch 2018"]
[Site "Montevideo"]
[Date "2018.06.10"]
[Round "11"]
[White "Cordova, Emilio"]
[Black "Mareco, Sandro"]
[Result "1/2-1/2"]
[WhiteElo "2621"]
[BlackElo "2643"]
[Annotator "TA"]
[PlyCount "48"]
[EventDate "2018.??.??"]
[EventType "swiss"]
[EventCountry "URU"]
[SourceTitle "playchess.com"]
[Source "ChessBase"]
[SourceQuality "1"]

{[%evp 9,48,-15,-15,-8,-6,-15,-15,-29,-20,-19,-10,-37,-32,-21,-25,-25,-39,-101,-101,-108,-106,-94,-83,-83,-74,-78,-31,-19,0,0,0,0,0,0,0,-18,-5,-11,0,-36,-21]} 1. Nf3 d5 2. g3 c5 3. c4 d4 4. e3 Nc6 5. exd4 cxd4 6. Bg2 {A09: Réti Opening: 1 Nf3 d5 2 c4} Nf6 {[%cal Bg8f6,Bf6d7,Bd7c5][%mdl 32]} (6... g6 7. O-O Bg7 8. d3 Nf6 9. Re1 O-O 10. a3 a5 11. Nbd2 Bf5 12. Nh4 Bg4 13. Qc2 g5 14. Nhf3 h6 15. Rb1 Rc8 16. b4 axb4 17. axb4 {1-0 (40) Tomashevsky,E (2731)-Li,C (2746) Moscow 2016}) 7. O-O e5 8. d3 {The position is equal.} Nd7 9. Na3 Be7 10. Nc2 O-O 11. a3 a5 $36 {[%mdl 2048] White is under pressure.} 12. Bd2 $146 ({Predecessor:} 12. b3 Nc5 13. b4 axb4 14. axb4 Rxa1 15. Nxa1 Nxb4 16. Nxe5 {0-1 (37) Guisset,P-Chuchelov,V (2510) Huy 1993}) 12... Nc5 13. Bxa5 ({White should try} 13. b4 $15 axb4 14. Nxb4) 13... Nxa5 $17 14. b4 e4 15. dxe4 Be6 ({Much weaker is} 15... Nxe4 $6 16. Nfxd4 Nxg3 17. hxg3 $11) ({Don't play} 15... Nxc4 16. bxc5 Bxc5 17. Ncxd4 $11) 16. bxc5 Bxc4 17. Re1 d3 {[#] Hoping for ...Bb3.} 18. Ne3 Bxc5 19. Nxc4 Nxc4 20. Qb3 Nxa3 21. Red1 b5 {Strongly threatening ...Bxf2+!} 22. Qxd3 Qxd3 23. Rxd3 Rfd8 24. Rd5 Rxd5 {Precision: White = 69%, Black = 86%.} 1/2-1/2

[Event "American Continental-ch 2018"]
[Site "Montevideo"]
[Date "2018.06.10"]
[Round "11"]
[White "Flores, Diego"]
[Black "Escalante Ramirez, Brian Sebasti"]
[Result "*"]
[WhiteElo "2614"]
[BlackElo "2422"]
[Annotator "TA"]
[PlyCount "40"]
[EventDate "2018.??.??"]
[EventType "swiss"]
[EventCountry "URU"]
[SourceTitle "playchess.com"]
[Source "ChessBase"]
[SourceQuality "1"]

{[%evp 24,26,24,39,47]} 1. c4 Nf6 2. g3 g6 3. Bg2 Bg7 4. Nc3 O-O 5. e4 d6 6. Nge2 c5 7. O-O Nc6 {[%cal Bb8c6,Bc6d4,Bd4e2][%mdl 32]} 8. d3 a6 9. h3 Rb8 10. a4 Ne8 11. Be3 Nd4 12. Rb1 Nxe2+ {A36: Symmetrical English vs ...g6: 4 Bg2 Bg7} 13. Qxe2 {LiveBook: 4 Games} Nc7 {[#]} {Predecessor:} 14. Qd2 $146 Ne6 15. b4 Nd4 16. bxc5 dxc5 17. f4 Bd7 18. e5 b6 19. a5 f6 20. axb6 fxe5 {½-½ (70) Ehlvest,J (2524)-Firouzja,A (2481) Guilan 2016} *

[Event "American Continental-ch 2018"]
[Site "Montevideo"]
[Date "2018.06.10"]
[Round "11"]
[White "Flores, Diego"]
[Black "Escalante Ramirez, Brian Sebasti"]
[Result "1/2-1/2"]
[WhiteElo "2614"]
[BlackElo "2422"]
[Annotator "TA"]
[PlyCount "69"]
[EventDate "2018.??.??"]
[EventType "swiss"]
[EventCountry "URU"]
[SourceTitle "playchess.com"]
[Source "ChessBase"]
[SourceQuality "1"]

{[%evp 24,69,27,17,42,39,40,31,39,29,117,119,133,123,120,116,118,112,206,162,187,140,187,181,184,183,166,174,167,185,184,123,206,122,181,21,22,16,41,0,0,-6,33,22,32,27,35,11]} 1. c4 Nf6 2. g3 g6 3. Bg2 Bg7 4. Nc3 O-O 5. e4 d6 6. Nge2 c5 7. O-O Nc6 {[%cal Bb8c6,Bc6d4,Bd4e2][%mdl 32]} 8. d3 a6 9. h3 Rb8 10. a4 Ne8 11. Be3 Nd4 12. Rb1 Nxe2+ {A36: Englische Eröffnung (Botwinnik-Variante)} (12... Nc7 13. b4 Bd7 14. a5 Nce6 15. Nd5 Bc6 16. Nb6 cxb4 17. Rxb4 f5 18. Nxd4 Bxd4 19. exf5 Rxf5 20. Bd5 Bxd5 21. cxd5 {1-0 (55) Grigoryan,A (2580)-Gabuzyan,H (2560) Yerevan 2015}) 13. Qxe2 {LiveBook: 4 Partien} Nc7 14. Qd2 b5 15. b4 $146 {[%cal Bb2b4,Bb4c5,Bc5c6][%mdl 32]} ({Vorgänger:} 15. cxb5 axb5 16. b4 Na6 17. axb5 cxb4 18. bxa6 Bxc3 19. Qxc3 bxc3 20. Rxb8 {1-0 (59) Paehtz,T (2430)-Hargens,T (2255) Germany 1990}) 15... bxc4 16. bxc5 Rb3 (16... Rxb1 $1 $11 17. Rxb1 dxc5) 17. Rxb3 $16 cxb3 18. c6 Be6 19. Nd5 Bxd5 20. exd5 e6 (20... Qb8 $16 {war angesagt.}) 21. Qb4 Qb8 22. Bb6 Bc3 23. Qxb3 {[#] Schwarz muss nun Tb1 beachten.} ({Und nicht} 23. Qxc3 Qxb6 24. Rb1 Rb8 $11) 23... Ba5 24. Rb1 Qxb6 25. Qxb6 Bxb6 26. Rxb6 exd5 $18 {[%mdl 4096] Endspiel KTL-KTS} 27. a5 ({Günstiger ist} 27. d4 $18) 27... Kg7 {[#]} (27... d4 $16 28. g4 Kg7) 28. f4 ({Lieber} 28. d4 $1 $18) 28... Kf6 (28... d4 $16) 29. Kf2 $2 (29. h4 $18) 29... d4 $1 $11 30. Rb4 d5 31. Rxd4 Rb8 32. Ke3 Ke6 33. f5+ Kd6 34. Rh4 h5 35. Bf3 {Precision: Weiß = 37%, Schwarz = 41%.} 1/2-1/2

[Event "American Continental-ch 2018"]
[Site "Montevideo"]
[Date "2018.06.10"]
[Round "11"]
[White "Delgado Ramirez, Neuris"]
[Black "Fernandez, Maria Florencia"]
[Result "1-0"]
[WhiteElo "2613"]
[BlackElo "2203"]
[Annotator "TA"]
[PlyCount "41"]
[EventDate "2018.??.??"]
[EventType "swiss"]
[EventCountry "URU"]
[SourceTitle "playchess.com"]
[Source "ChessBase"]
[SourceQuality "1"]

{[%evp 9,41,39,35,42,39,43,52,45,86,94,102,90,66,60,102,72,168,168,259,235,209,176,524,515,776,774,778,761,29989,29990,29996,29997,29997,29998]} 1. e4 c5 2. Nf3 d6 3. Bc4 Nf6 4. d3 g6 5. e5 dxe5 6. Nxe5 {[%csl Ge5][%cal Rc4f7] [#] B50: Sicilian: 2...d6, Miscellaneous} e6 $1 7. Qf3 (7. Bb5+ Bd7 8. Qf3 Bxb5 9. Qxb7 Nbd7 10. Qxb5 Rb8 11. Qa4 Rb4 12. Qc6 Rb6 13. Qa4 Rb4 14. Qc6 Rb6 15. Qa4 {½-½ (15) Bortnyk,O (2610)-Salem,A (2642) chess.com INT 2018}) 7... Nbd7 8. Bb5 {White is slightly better.} Bd6 9. Nc4 $146 ({Predecessor:} 9. Bxd7+ Bxd7 10. Nxd7 Nxd7 11. Qxb7 O-O 12. O-O Ne5 {1-0 (72) Popovic,D (2496)-Pitlagano,T (2161) Turin 2006}) 9... Be7 10. Bh6 a6 11. Bxd7+ Nxd7 12. Nc3 $36 {[%mdl 2048] White is really pushing.} f5 (12... Rb8 $16 {is a better defense.}) 13. O-O $18 Nb6 (13... Nf6 $142 14. h3 Kf7) 14. Rfe1 Nxc4 15. dxc4 {Threatens to win with Rad1.} Qd4 $2 {[#]} (15... Kf7 {is tougher.} 16. Rad1 Qb6) 16. Nd5 $1 {[%mdl 512]} Kf7 (16... Qh4 $142 17. Nc7+ Kf7) (16... exd5 17. Bg5) 17. Nxe7 Kxe7 18. Rad1 Qxc4 19. Qg3 {White mates.} Rg8 20. Bg5+ Kf7 21. Qc7+ {Precision: White = 97%, Black =  6%.} 1-0

[Event "American Continental-ch 2018"]
[Site "Montevideo"]
[Date "2018.06.10"]
[Round "11"]
[White "Delgado Ramirez, Neuris"]
[Black "Fernandez, Maria Florencia"]
[Result "*"]
[WhiteElo "2613"]
[BlackElo "2203"]
[Annotator "TA"]
[PlyCount "24"]
[EventDate "2018.??.??"]
[EventType "swiss"]
[EventCountry "URU"]
[SourceTitle "playchess.com"]
[Source "ChessBase"]
[SourceQuality "1"]

{[%evp 12,16,39,35,43,39,93]} 1. e4 c5 2. Nf3 d6 3. Bc4 Nf6 4. d3 g6 5. e5 dxe5 6. Nxe5 {B50: Sizilianisch (Verschiedenes mit 2...d6)} e6 7. Qf3 {LiveBook: 7 Partien} (7. Bb5+ Bd7 8. Qf3 Bxb5 9. Qxb7 Nbd7 10. Qxb5 Rb8 11. Qa4 Rb4 12. Qc6 Rb6 13. Qa4 Rb4 14. Qc6 Rb6 15. Qa4 {½-½ (15) Bortnyk,O (2610)-Salem,A (2642) chess.com INT 2018}) 7... Nbd7 8. Bb5 Bd6 (8... Bg7 $14) {Vorgänger:} 9. Bxd7+ $146 Bxd7 10. Nxd7 Nxd7 11. Qxb7 O-O 12. O-O Ne5 {1-0 (72) Popovic,D (2496)-Pitlagano,T (2161) Turin 2006} *

[Event "American Continental-ch 2018"]
[Site "Montevideo"]
[Date "2018.06.10"]
[Round "11"]
[White "Liang, Awonder"]
[Black "Mekhitarian, Krikor Sevag"]
[Result "1/2-1/2"]
[WhiteElo "2571"]
[BlackElo "2546"]
[Annotator "TA"]
[PlyCount "104"]
[EventDate "2018.??.??"]
[EventType "swiss"]
[EventCountry "URU"]
[SourceTitle "playchess.com"]
[Source "ChessBase"]
[SourceQuality "1"]

{[%evp 9,104,0,0,5,13,-11,-8,-12,-7,-12,0,0,0,0,0,0,12,0,0,0,0,0,-6,-56,-58,-54,-31,-34,-34,-27,-40,-33,0,-4,0,-23,-24,-81,-87,-87,-87,-108,-64,-76,-25,-35,-44,-46,0,1,41,30,69,58,158,145,204,181,228,0,0,0,0,0,0,0,0,0,0,0,0,0,0,0,0,0,0,0,0,0,0,0,0,0,0,0,0,0,0,0,0,0,0,0,0,0,0]} 1. b3 c5 2. Bb2 Nc6 3. e3 Nf6 4. Nf3 g6 5. Bb5 (5. c4 Bg7 6. Be2 O-O 7. O-O d5 8. cxd5 Qxd5 9. Nc3 Qf5 10. Rc1 Rd8 11. Na4 b6 12. d4 Bb7 13. Bd3 Qh5 14. Be2 Qf5 15. Bd3 Qd7 16. Bb5 Ne4 17. Qe2 {0-1 (30) So,W (2815)-Carlsen,M (2832) chess.com INT 2017}) 5... Bg7 6. O-O {A05: Réti Opening: 1 Nf3 Nf6} O-O 7. Bxc6 bxc6 8. c4 d6 9. d4 $146 ({Predecessor:} 9. d3 e5 10. Nc3 {1-0 (48) Roohi,A (2072)-Asgarizadeh,A (2218) Hamadan 2012}) 9... Nh5 10. Nc3 cxd4 11. exd4 Qc7 12. Re1 Bg4 13. d5 Qa5 14. h3 Bxf3 $1 15. Qxf3 cxd5 16. cxd5 Rac8 {[%cal Rg7c3]} 17. Na4 Rfe8 $36 {[%mdl 2048] Black is pushing.} 18. Bxg7 Kxg7 19. Nb2 Nf6 {[%cal Bh5f6,Bf6e4,Be4c3][%mdl 32]} 20. Red1 Qb5 21. Rd2 Qb4 (21... a5 {feels hotter.} 22. Rad1 Rc5 23. a4 Qb7 24. Nc4 Rb8) 22. Qe2 (22. Qd1 {seems wilder.} Qb7 23. Nc4 Rc5 24. Ne3 Rec8 25. Rd4) 22... Qe4 23. Qxe4 (23. Qe1 $11 {remains equal.}) 23... Nxe4 $17 24. Rd4 Nc3 $1 {[%cal Rc3e2]} 25. Rd3 Rc5 26. b4 Ne2+ (26... Rc7 $17 27. Nd1 Ne2+ 28. Kf1 Nf4) 27. Kf1 $11 Rc2 28. Nd1 $1 Nc1 29. Ra3 $1 Rc7 30. Ke1 Rec8 31. Ne3 f5 (31... e6 $14) 32. g3 $16 Kf6 {[#]} (32... Kf7 $16) 33. Kd2 $1 $18 Ke5 {[#] next ...g5 is good for Black.} 34. b5 $2 (34. f4+ $1 $18 Kf6 35. Ra6) 34... g5 $11 {White should prevent ...f4.The position is equal.} 35. f4+ gxf4 36. gxf4+ Kxf4 {Strongly threatening ...Ke5.} 37. Ra6 $1 {[%cal Ra6c6] Hoping for Rc6.} Ke4 38. Rc6 Nd3 {[#]} 39. Nxf5 $1 {[%mdl 512]} Nb4 ({But not} 39... Kxf5 $6 40. Kxd3 Ke5 41. Kc4 $18) 40. Nxe7 $1 {Black must now prevent Re1+.} Nxc6 41. Nxc8 Kxd5 {And now ...Na5 would win.} 42. Nxa7 Nxa7 {[%mdl 4096] Endgame KRN-KR} 43. b6 Rb7 44. bxa7 Rxa7 {KR-KR} 45. a4 Kc4 46. Ke3 Re7+ 47. Kf3 d5 48. a5 Ra7 49. a6 Kb5 50. Ke3 Rxa6 51. Rxa6 Kxa6 52. Kd4 Kb7 {Precision: White = 77%, Black = 53%.} 1/2-1/2

[Event "American Continental-ch 2018"]
[Site "Montevideo"]
[Date "2018.06.10"]
[Round "11"]
[White "Erenburg, Sergey"]
[Black "Hoffman, Alejandro"]
[Result "1-0"]
[WhiteElo "2563"]
[BlackElo "2475"]
[Annotator "TA"]
[PlyCount "69"]
[EventDate "2018.??.??"]
[EventType "swiss"]
[EventCountry "URU"]
[SourceTitle "playchess.com"]
[Source "ChessBase"]
[SourceQuality "1"]

{[%evp 18,69,51,38,41,25,31,39,37,13,49,28,37,14,39,16,29,35,41,-20,-28,-60,-48,-27,-42,-66,-56,-60,-57,-100,-8,-19,-30,-159,-36,-35,138,0,18,18,25,56,162,138,586,559,572,566,553,522,29978,266,29990,29990]} 1. e4 e5 2. Nf3 d6 3. d4 exd4 4. Nxd4 Nf6 5. Nc3 Be7 6. g3 O-O 7. Bg2 {C41: Philidor-Verteidigung} c6 (7... Re8 8. O-O Bf8 9. h3 Nbd7 10. Re1 c5 11. Nf5 Ne5 12. Bg5 h6 13. Bxf6 Qxf6 14. Nd5 Qd8 {½-½ (32) Oparin,G (2602)-Mamedyarov,S (2799) Moscow 2017}) 8. O-O Re8 9. b3 Bf8 10. Bb2 {LiveBook: 4 Partien} a5 11. Qd2 Na6 12. Rfe1 Nc5 13. h3 g6 14. Rad1 Bg7 {[#]} 15. g4 $146 Qb6 16. Kh1 Bd7 17. f4 Rad8 18. g5 (18. Qf2 $14) 18... Nh5 $11 19. Nde2 Bc8 (19... d5 $5 20. exd5 Bf5 $15) 20. Qe3 Qc7 21. Qf2 b5 22. e5 $1 {[%cal Re5d6]} Bf8 23. Nd4 dxe5 (23... Bb7 $17 {[%cal Rd6e5]} 24. Kg1 dxe5 25. fxe5 Rxe5 26. Rxe5 Qxe5 27. Nxc6 Rxd1+ 28. Nxd1 Qe8) 24. Nxc6 Rxd1 25. Nxd1 (25. Rxd1 $11 Nxf4 26. Nxb5) 25... Nxf4 ({Besser ist} 25... e4 $17 26. Nd4 b4) 26. Bxe5 $15 {[#]} Nxh3 $2 (26... Rxe5 $1 $15 {[%mdl 512] behält die Oberhand.} 27. Nxe5 (27. Rxe5 $2 Nxg2 28. Rxc5 Nf4 $19) 27... Nxg2 28. Kxg2 Bb7+ 29. Kf1 Ne4) 27. Qg3 (27. Bxc7 $2 {geht unter.} Nxf2+ 28. Nxf2 Rxe1+ $19) (27. Qf6 $16 {[%csl Ge5][%cal Rf6h8]} Rxe5 28. Qxe5 (28. Rxe5 Ne6 $17) 28... Qxe5 29. Rxe5) 27... Qd7 {...Lb7 ist eine echte Drohung.} 28. Ne3 $36 {[%cal Bd1e3,Be3d5,Bd5e7][%mdl 2080] Droht stark Sd5. Weiss kämpft um Vorteil.} Qd2 $1 29. Rf1 Bg7 {[#]} (29... Re6 $14) 30. Nd5 $1 $18 Bxe5 $4 {[%mdl 8192]} (30... Rxe5 $16 {ist eine bessere Chance.} 31. Nxe5 Qxg5 32. Qxg5 Nxg5) 31. Nce7+ Rxe7 32. Nxe7+ Kf8 33. Qxe5 Bb7 {[#]} 34. Bxb7 $2 (34. Nxg6+ $1 {[%mdl 512] setzt Matt} hxg6 35. Qh8+ Ke7 36. Qf6+ Kd7 37. Qxf7+ Kc8 38. Qf8+ Qd8 39. Qxc5+ Kb8 40. Rf8 Bxg2+ 41. Kxg2 Nf4+ 42. Kf3 Qxf8 43. Qxf8+ Ka7 44. Kxf4) 34... Nxb7 $2 (34... Nf2+ $18 35. Rxf2 Qxf2) 35. Nd5 {Precision: Weiß = 37%, Schwarz = 19%.} 1-0

[Event "American Continental-ch 2018"]
[Site "Montevideo"]
[Date "2018.06.10"]
[Round "11"]
[White "Martinez Alcantara, Jose Eduardo"]
[Black "Tristan, Leonardo"]
[Result "1-0"]
[WhiteElo "2539"]
[BlackElo "2459"]
[Annotator "TA"]
[PlyCount "83"]
[EventDate "2018.??.??"]
[EventType "swiss"]
[EventCountry "URU"]
[SourceTitle "playchess.com"]
[Source "ChessBase"]
[SourceQuality "1"]

{[%evp 26,83,31,21,29,21,43,42,66,60,62,41,80,84,79,111,84,28,35,35,35,14,43,31,26,29,37,0,0,-8,0,-7,-7,-14,-13,-21,31,34,411,375,468,451,466,475,448,456,414,438,624,616,575,579,612,628,29969,6813,29993,29994,29994,29995]} 1. e4 e5 2. Nf3 Nc6 3. Bb5 {[%cal Bf1b5,Bb5a4,Ba4b3][%mdl 32]} a6 4. Ba4 Nf6 5. O-O b5 6. Bb3 Be7 7. Re1 d6 8. c3 O-O 9. h3 Na5 10. Bc2 c5 11. d4 Nd7 12. a4 b4 {C96: Spanische Partie (Abweichungen vom Tschigorin-System)} 13. cxb4 (13. Nbd2 Rb8 14. Nf1 b3 15. Bd3 exd4 16. cxd4 c4 17. Be2 c3 18. Ng3 Nf6 19. Bd3 Nc6 20. d5 {0-1 (37) Quesada Perez,Y (2627)-Caruana,F (2811) chess.com INT 2018}) 13... cxb4 14. Nbd2 {[%cal Bb1d2,Bd2f1,Bf1e3][%mdl 32] LiveBook: 11 Partien} Bb7 {[#] Die Stellung ist ausgeglichen.} 15. d5 $146 ({Vorgänger:} 15. Nf1 exd4 16. Nxd4 g6 17. Ne3 Ne5 18. f4 Nec4 19. Nxc4 Nxc4 20. b3 {1-0 (34) Ter Sahakyan,S (2598)-Anton Guijarro,D (2660) Minsk 2017}) 15... Rc8 16. Nf1 b3 17. Bb1 Nc5 18. Ne3 g6 19. Bd2 Rb8 20. Bb4 {Und weiter mit Dd2 wäre nett.} Bc8 {[%cal Bb7c8,Bc8d7,Bd7b5][%mdl 32]} 21. Qd2 (21. Bxc5 $16 dxc5 22. Nxe5) 21... Nab7 $11 22. a5 Bd7 23. Ra3 Bb5 24. Rc1 Rc8 25. Kh2 Qd7 26. g4 Qd8 27. Nf1 Bf6 28. Ng3 Bg7 29. Kg2 Qf6 30. Rh1 Qf4 (30... Rc7 $11) 31. Qd1 $14 {Und Ld2 würde nun gewinnen.} f5 $2 {[%mdl 8192]} ({Lieber} 31... Qf6 $14) 32. gxf5 $18 gxf5 33. Bd2 fxe4 34. Bxf4 exf3+ {[#]} 35. Kh2 $1 exf4 36. Nf5 Bxb2 (36... Bf6 $142 37. Qxf3 Kh8) 37. Rxb3 Nxb3 38. Qxb3 Bf6 39. Qxf3 {Schwarz muss nun Dh5 beachten.} Rc3 40. Qh5 {Droht Matt per Se7+!} Rc7 41. Rg1+ Kh8 {[#]} 42. Ng7 $1 {[%mdl 512] Precision: Weiß = 74%, Schwarz = 38%.} 1-0

[Event "American Continental-ch 2018"]
[Site "Montevideo"]
[Date "2018.06.10"]
[Round "11"]
[White "Di Berardino, Diego Rafael"]
[Black "Pichot, Alan"]
[Result "1/2-1/2"]
[WhiteElo "2525"]
[BlackElo "2564"]
[Annotator "TA"]
[PlyCount "96"]
[EventDate "2018.??.??"]
[EventType "swiss"]
[EventCountry "URU"]
[SourceTitle "playchess.com"]
[Source "ChessBase"]
[SourceQuality "1"]

{[%evp 9,96,24,39,31,31,36,42,33,44,16,14,17,15,10,17,16,17,16,7,0,10,8,1,-11,-10,-12,-22,-22,-20,-32,-26,-36,0,0,0,0,0,0,23,29,45,50,75,78,139,0,26,8,58,13,25,36,59,65,64,38,56,0,0,0,38,32,42,51,35,28,557,41,64,64,77,67,80,0,133,77,113,0,27,-16,0,0,0,0,0,0,0,0,0]} 1. e4 c5 2. Nf3 Nc6 3. Nc3 Nf6 4. Bb5 Qc7 5. d3 (5. O-O Nd4 6. Re1 e5 7. Bc4 Be7 8. d3 d6 9. Bg5 Bg4 10. Nb5 Nxb5 11. Bxb5+ Nd7 12. Bxe7 Kxe7 13. h3 Bh5 {½-½ (42) Eljanov,P (2702)-Kuzubov,Y (2663) Brest 2018}) 5... g6 6. O-O {B30: Sicilian: 2...Nc6 3 Bb5, lines without ...g6} Bg7 7. Re1 e5 8. Bg5 $146 {White is slightly better.} ({Predecessor:} 8. Nd5 Nxd5 9. exd5 Ne7 10. c3 a6 11. Ba4 b5 12. Bc2 {0-1 (46) Hou,Y (2590)-Wan,Y (2434) Subic Bay 2009}) 8... d6 9. Bxf6 Bxf6 10. Nd5 Qd8 11. c3 Bg7 12. a4 O-O 13. Bc4 Kh8 14. h3 f5 15. b4 cxb4 16. Nxb4 g5 17. exf5 Bxf5 18. Bd5 g4 19. hxg4 Bxg4 20. Qb3 Qd7 21. Ng5 Qf5 22. Ne4 Qg6 23. Nc2 ({Avoid the trap} 23. Nxc6 $2 bxc6 24. Re3 (24. Bxc6 $2 Bf3 $19) 24... cxd5 $19) 23... Ne7 24. Ne3 Nxd5 25. Qxd5 Bf3 26. Kf1 $1 Bh5 (26... Bxe4 $142 27. dxe4 Qf7 28. Qxf7 Rxf7) 27. Kg1 ({Much worse is} 27. Nxd6 $6 Rad8 $11) (27. Qxb7 $16 Rad8 28. c4 (28. Qxa7 d5 $17)) 27... Rad8 (27... Bf3 $5) 28. Ng3 Bh6 29. Nxh5 Qxh5 30. Nf1 Qh4 31. Ra2 b6 32. Re4 Qh5 33. Rae2 ({White should play} 33. Rc4 $14) 33... Bf4 $11 {And now ...Rf6 would win.} 34. g3 Bh6 35. c4 Qf3 36. Nh2 Qf5 37. Ng4 Bf4 $2 {[%mdl 8192] [#]} (37... Bg7 $11 {and Black stays safe.}) 38. Ne3 $2 (38. Rxf4 $1 $18 {[%mdl 512]} Qg6 (38... exf4 39. Qd4+) 39. Rxf8+ Rxf8 40. Re4) 38... Qh3 {Strongly threatening ...Rf6.} 39. Ng2 $1 Bg5 40. a5 bxa5 41. Qxa5 (41. d4 $16) 41... Rd7 {[#]} (41... Rde8 $11 {keeps the balance.} 42. Qxa7 Rf6) 42. Qd5 (42. c5 $142 $1) 42... Rf6 43. Rb2 (43. f4 $16 Rdf7 44. c5) 43... Rh6 {[%csl Gh6][%cal Rh3h1]} 44. Nh4 Bxh4 {The position is equal.} 45. Rxh4 Rxh4 46. Rb8+ Kg7 47. Rg8+ Kh6 48. gxh4 {aiming for Rg5.} Rg7+ $1 {Precision: White = 47%, Black = 50%.} 1/2-1/2

[Event "American Continental-ch 2018"]
[Site "Montevideo"]
[Date "2018.06.10"]
[Round "11"]
[White "Morovic Fernandez, Ivan"]
[Black "Xiong, Jeffery"]
[Result "0-1"]
[WhiteElo "2513"]
[BlackElo "2656"]
[Annotator "TA"]
[PlyCount "108"]
[EventDate "2018.??.??"]
[EventType "swiss"]
[EventCountry "URU"]
[SourceTitle "playchess.com"]
[Source "ChessBase"]
[SourceQuality "1"]

{[%evp 14,108,0,-16,0,0,4,27,30,41,38,-16,-21,-17,-17,-24,-26,-25,0,-12,-13,-46,-43,-68,-33,-32,-32,-31,-31,-31,-31,-31,-31,-31,-32,-37,-31,-31,-32,-40,-8,-10,-8,-117,-117,-112,-114,-156,-160,-169,-163,-165,-134,-165,-177,-161,-145,-190,-180,-188,-167,-160,0,-182,-191,-193,-192,-204,-188,-200,-199,-196,-179,-192,-178,-168,-169,-298,-283,-272,-241,-246,-212,-308,-312,-313,-213,-186,0,-311,-306,-411,-439,-512,-464,-618,-621]} 1. d4 Nf6 2. c4 g6 3. Nc3 d5 4. Nf3 Bg7 5. e3 O-O 6. Be2 c5 7. dxc5 dxc4 {D94: Grünfeld: 4 Nf3 Bg7 5 e3} (7... Qa5 8. cxd5 Nxd5 9. Qxd5 Bxc3+ 10. Bd2 Rd8 11. Qxd8+ Qxd8 12. Bxc3 Nd7 13. Rd1 Qc7 14. O-O Nxc5 15. Be5 Qb6 16. Bd4 Qa5 17. Bc3 Qb6 18. Bd4 Qa5 19. Bc3 Qb6 20. Bd4 {½-½ (20) Tomashevsky,E (2706)-Gelfand,B (2764) Elancourt 2013}) 8. Qa4 {LiveBook: 6 Games} Qc7 9. Qxc4 Be6 {The position is equal.} 10. Qh4 Nbd7 11. e4 $146 ({Predecessor:} 11. O-O Nxc5 12. e4 Qc6 13. e5 Nfe4 14. Nd4 Nxc3 15. Nxc6 Nxe2+ {0-1 (39) Ris,R (2424)-Bezemer,A (2292) Vlissingen 2013}) 11... Nxc5 12. e5 (12. O-O $14) 12... Nfd7 (12... Nh5 $2 13. g4 $16) 13. Ng5 {[%csl Gg5][%cal Rh4h7]} h6 $1 {[%cal Rh6g5]} 14. Nxe6 Nxe6 15. Bxh6 Qxe5 16. Bxg7 Kxg7 17. O-O-O Nf6 18. Bc4 Rac8 {aiming for ...g5.} 19. Rhe1 Qf4+ 20. Qxf4 Nxf4 21. Bb3 e6 22. g3 $1 {[%cal Rg3f4]} N4d5 $36 {[%mdl 2048] White is under pressure.} 23. Bxd5 Nxd5 24. Rd3 Nb4 25. Rd7 Nxa2+ 26. Kc2 Nb4+ 27. Kb1 $1 Rfd8 28. Red1 {[#]} (28. Rxb7 $11 {remains equal.} a5 29. Ra7) 28... Nd5 $1 $17 {[%mdl 512]} 29. Rxd8 (29. Nxd5 Rxd7) 29... Rxd8 {[%mdl 4096] Endgame KRN-KRN} 30. Ne2 g5 31. Rd4 Rh8 32. h4 Kf6 33. Rg4 gxh4 34. gxh4 Ke5 35. Ng1 Kf5 36. Rg5+ Ke4 37. Rg4+ Kf5 38. Rg5+ Kf6 39. Rg4 e5 40. Ne2 Ke6 41. Ng3 Nf4 42. h5 b5 43. Rh4 f5 44. h6 Rh7 45. b4 (45. Nf1 {keeps fighting.}) 45... Kf6 $19 46. Kc2 Kg5 47. Rh1 Ne6 (47... Rxh6 48. Rxh6 Kxh6 49. Nxf5+ Kg5 50. Nd6 $17) 48. Kd3 (48. Kc3 {was worth a try.} Nd4 49. Re1) 48... Nd4 (48... Rxh6 49. Rxh6 Nf4+ 50. Kd2 $17) 49. Rg1 {intending Ne2+.} Nf3 (49... Rxh6 50. Ne2+ Kf6 51. Nxd4 $17) 50. Rh1 {[#] Now Rh5+ and White clings on.} Nd4 ({Not} 50... Rxh6 51. Rxh6 Kxh6 52. Nxf5+ Kg5 53. Nd6 $11) (50... Nh4 $142 $1 51. Ra1 Rd7+ 52. Ke2 Kxh6) 51. Rg1 $1 {and the idea Ne2+ leaves White hopeful.} Nc6 ({Don't play} 51... Kxh6 52. Re1 $19) ({Weaker is} 51... Rxh6 52. Ne2+ Kf6 53. Nxd4 $17) 52. Kc3 Rxh6 53. Ne4+ Kf4 54. Ng5 Nd4 {Precision: White = 55%, Black = 72%.} 0-1